Statistiche per Calciatori del Barcellona nella Squadra della stagione della Champions

Clicka qui per fare il quiz!

Statistiche generali

  • Questo quiz è stato fatto 12 volte
  • Il punteggio medio è 8 su 10

Statistiche sulle risposte

Numero apparizioniEdizioni apparizioniNazioneCalciatore% Corretto
72014-2015; 2015-2016; 2016-2017; 2017-2018; 2018-2019; 2019-2020; 2020-2021ArgentinaLionel Messi
100%
22014-2015; 2015-2016UruguayLuis Suárez
100%
12014-2015BrasileNeymar
100%
32013-2014; 2014-2015; 2015-2016SpagnaAndrés Iniesta
91%
12014-2015SpagnaGerard Piqué
91%
12014-2015CroaziaIvan Rakitić
91%
22014-2015; 2018-2019GermaniaMarc-André ter Stegen
73%
12014-2015SpagnaSergio Busquets
64%
12014-2015ArgentinaJavier Mascherano
55%
12014-2015SpagnaJordi Alba
55%

Distribuzione punteggi

Percentile per numero di risposta

Percentuale di utenti per punteggio

I tuoi punteggi nel tempo

Non hai fatto questo quiz